Problematika vedení účetnictví malých obcí

Prehľad rozpočtového a finančného hospodárenia, vedenia účtovníctva a zostavenia účtovnej závierky malej obce v ČR. Príklady, metodika, spôsob účtovania a čísla použitých účtov. Účtovanie prípadov týkajúcich sa bankového plnenia rozpočtu malej obce, nákladov a výnosov hospodárskej činnosti obce, účt...

Celý popis

Uložené v:
Podrobná bibliografia
Hlavný autor: Lehkoživ, J.
Ďalší autori: Šmíd, Vítězslav
Médium: Kapitola
Jazyk:Czech
Predmet:
Tagy: Pridať tag
Žiadne tagy, Buďte prvý, kto otaguje tento záznam!

MARC

LEADER 00000naa a2200000 4500
001 r024863
005 20221205103222.7
041 0 |a cze 
044 |a CZ 
245 1 0 |a Problematika vedení účetnictví malých obcí  |c J. Lehkoživ, Vítězslav Šmíd 
520 |a Prehľad rozpočtového a finančného hospodárenia, vedenia účtovníctva a zostavenia účtovnej závierky malej obce v ČR. Príklady, metodika, spôsob účtovania a čísla použitých účtov. Účtovanie prípadov týkajúcich sa bankového plnenia rozpočtu malej obce, nákladov a výnosov hospodárskej činnosti obce, účtovania o účelových a finančných fondoch. 
610 2 0 |a účtovníctvo 
610 2 0 |a obce 
610 2 0 |a Česko 
610 2 0 |a metodika 
610 2 0 |a hospodárenie finančné 
610 2 0 |a rozpočet miestny 
610 2 0 |a závierka účtovná 
610 2 0 |a účtovníctvo finančné 
100 1 |a Lehkoživ, J. 
700 1 |a Šmíd, Vítězslav